[Event "?"]
[Site "?"]
[Date "2014.08.02"]
[Round "3.15"]
[White "Siepen, Ralf"]
[Black "Köllner, Ruben Gideon"]
[Result "1-0"]
[WhiteElo "1522"]
[BlackElo "1297"]
[PlyCount "49"]
[EventDate "2015.??.??"]
[WhiteTeam "SC Bayer Uerdingen 1923"]
[BlackTeam "SV Bergneustadt/Dersch"]

1. d4 d5 2. Nf3 Nf6 3. Bf4 e6 4. e3 c5 5. c3 Nc6 6. Bd3 Be7 7. Nbd2 O-O 8. O-O
Re8 9. dxc5 Bxc5 10. Ne5 Nxe5 11. Bxe5 Bd6 12. Nf3 Bxe5 13. Nxe5 Qd6 14. f4 Nd7
15. Nxd7 Bxd7 16. Qh5 h6 17. Rf3 e5 18. fxe5 Rxe5 19. Qxf7+ Kh8 20. Raf1 Ree8
21. Rg3 Rg8 22. Rg6 Qxg6 23. Qxg6 Bf5 24. Bxf5 Raf8 25. Qh7# 1-0

[Event "?"]
[Site "?"]
[Date "2014.08.02"]
[Round "3.16"]
[White "Hertling, Jürgen"]
[Black "Wilde, Christian"]
[Result "1-0"]
[WhiteElo "1512"]
[BlackElo "1248"]
[PlyCount "37"]
[EventDate "2015.??.??"]
[WhiteTeam "SF Köln-Mülheim e.V."]
[BlackTeam "SF Köln-Longerich 195"]

1. d4 e6 2. c4 d5 3. cxd5 exd5 4. Nf3 Nf6 5. Nc3 Be7 6. e3 a6 7. Bd3 g6 8. a3
Bf5 9. Bxf5 gxf5 10. Qb3 b6 11. Qa4+ c6 12. Ne5 b5 13. Qc2 Ne4 14. f3 Nd6 15.
O-O Nd7 16. Nxc6 Qc7 17. Nxe7 Kxe7 18. Nxd5+ Ke6 19. Nxc7+ 1-0

[Event "?"]
[Site "?"]
[Date "2014.08.02"]
[Round "3.17"]
[White "Jakob, Gudrun"]
[Black "Sewald, Richard"]
[Result "0-1"]
[WhiteElo "1050"]
[BlackElo "1501"]
[PlyCount "126"]
[EventDate "2015.??.??"]
[WhiteTeam "Klub Kölner SF e.V. 1"]
[BlackTeam "SG Porz e.V."]

1. e4 c5 2. Bc4 e6 3. Nc3 a6 4. d4 b5 5. Be2 cxd4 6. Qxd4 Nc6 7. Qd2 Nf6 8. Nf3
b4 9. Na4 Nxe4 10. Qf4 Nf6 11. b3 d5 12. Bb2 Bd6 13. Qd2 h6 14. O-O O-O 15.
Rfe1 Re8 16. Nd4 Bd7 17. c4 bxc3 18. Bxc3 Ne4 19. Qd3 Nxc3 20. Nxc3 Bxh2+ 21.
Kxh2 Qh4+ 22. Kg1 Qxd4 23. Qxd4 Nxd4 24. Rad1 Nxe2+ 25. Rxe2 Rec8 26. Nb1 Rc6
27. Nd2 Rac8 28. Ree1 f6 29. Nf3 Rd6 30. Nd4 e5 31. Nf3 d4 32. Rc1 Rdc6 33.
Rcd1 R6c7 34. Nd2 Be6 35. Ne4 Rc6 36. g3 Bd5 37. Nd2 g5 38. Kh2 g4 39. Ne4 Bxe4
40. Rxe4 h5 41. Re2 Kf7 42. Kg2 Rc3 43. Red2 Kg6 44. Rd3 Rxd3 45. Rxd3 Rc3 46.
Rd2 f5 47. Rb2 d3 48. b4 Rc2 49. Rb1 d2 50. Rd1 Rxa2 51. f3 gxf3+ 52. Kxf3 Rb2
53. Ke2 Rxb4 54. Rxd2 Rb6 55. Ra2 Kg5 56. Kf3 e4+ 57. Ke3 Kg4 58. Kf2 h4 59.
gxh4 Kxh4 60. Ke3 Kg5 61. Rg2+ Kf6 62. Kf4 Rb3 63. Ra2 Rf3# 0-1

[Event "?"]
[Site "?"]
[Date "2014.08.02"]
[Round "3.18"]
[White "Radovinski, Jewgeni"]
[Black "Righi, Sofian"]
[Result "1-0"]
[WhiteElo "1501"]
[BlackElo "1200"]
[PlyCount "41"]
[EventDate "2015.??.??"]
[WhiteTeam "SG Porz e.V."]
[BlackTeam "Düsseldorfer SK 14/25 e."]

1. e4 e5 2. Nf3 d6 3. Bc4 Nf6 4. Nc3 Be7 5. d4 exd4 6. Nxd4 c6 7. O-O b5 8. Bd3
b4 9. Nce2 c5 10. Nf3 O-O 11. e5 dxe5 12. Nxe5 Be6 13. Bg5 a5 14. Nf4 h6 15.
Nxe6 fxe6 16. Bh4 Bd6 17. Re1 Qc7 18. Bg3 Nbd7 19. Nxd7 Qxd7 20. Bxd6 Qxd6 21.
Bh7+ 1-0

[Event "?"]
[Site "?"]
[Date "2014.08.02"]
[Round "3.19"]
[White "Jehnen, Timo"]
[Black "Kühlwein, Ralf"]
[Result "0-1"]
[WhiteElo "919"]
[BlackElo "1487"]
[PlyCount "48"]
[EventDate "2015.??.??"]
[WhiteTeam "SV Fideler Bauer Lever"]
[BlackTeam "Klub Kölner SF e.V. 1"]

1. e4 c5 2. Nf3 Nc6 3. c3 d6 4. d4 Bg4 5. Be2 Nf6 6. Nbd2 cxd4 7. cxd4 e6 8.
O-O a6 9. b3 b5 10. Bb2 Be7 11. Rc1 Rc8 12. a4 Qb6 13. d5 exd5 14. Bxf6 Bxf6
15. exd5 Nb4 16. Rxc8+ Bxc8 17. Re1 O-O 18. Qb1 Nxd5 19. Qe4 Nc3 20. Qd3 bxa4
21. bxa4 d5 22. h3 Re8 23. Bf1 Rxe1 24. Nxe1 Bd4 0-1

[Event "?"]
[Site "?"]
[Date "2014.08.02"]
[Round "3.20"]
[White "Asadzade, Idris"]
[Black "Lin, David"]
[Result "1-0"]
[WhiteElo "1467"]
[BlackElo "1146"]
[PlyCount "89"]
[EventDate "2015.??.??"]
[WhiteTeam "SVigung 1919 Königsspr"]
[BlackTeam "Klub Kölner SF e.V. 1"]

1. d4 d5 2. c4 e6 3. Nc3 Nf6 4. Bg5 Nbd7 5. e3 h6 6. Bh4 c6 7. Nf3 Bb4 8. cxd5
exd5 9. Bd3 O-O 10. O-O Qc7 11. Rc1 Re8 12. a3 Bd6 13. Nb5 Qb8 14. Nxd6 Qxd6
15. Bg3 Qe6 16. Nd2 b6 17. Qc2 Bb7 18. Bf5 Qe7 19. Qb3 Red8 20. Rc3 Nh5 21. Nf3
Nxg3 22. hxg3 Qf6 23. Qc2 g6 24. Bxd7 Rxd7 25. Rc1 Rc7 26. Ne5 Rac8 27. Nd3 Kg7
28. Nb4 Qd6 29. Nd3 Qf6 30. b4 a6 31. a4 a5 32. b5 Qe6 33. Qb3 f6 34. Qb1 Qe8
35. R1c2 Qd7 36. Qc1 Qd6 37. Kf1 Kf7 38. Ke2 g5 39. Kd2 Kg6 40. bxc6 Rxc6 41.
Qb1 Rxc3 42. Rxc3 Rxc3 43. Ne5+ Kg7 44. Qg6+ Kf8 45. Qf7# 1-0

[Event "?"]
[Site "?"]
[Date "2014.08.02"]
[Round "3.21"]
[White "Baltic, Sara"]
[Black "Fischer, Bastian"]
[Result "0-1"]
[WhiteElo "902"]
[BlackElo "1442"]
[PlyCount "38"]
[EventDate "2015.??.??"]
[WhiteTeam "SG Porz e.V."]
[BlackTeam "Schach-Club Vaterstetten-Grasbru"]

1. e4 c6 2. d4 d5 3. exd5 cxd5 4. Nc3 Bf5 5. Bf4 e6 6. Nb5 Na6 7. Qf3 Nf6 8.
Be2 Ne4 9. Bd3 Be7 10. Bxe4 Bxe4 11. Qg3 Qa5+ 12. Bd2 Qxb5 13. Qxg7 Kd7 14.
O-O-O Rhg8 15. Qxg8 Rxg8 16. f3 Bg6 17. Nh3 Qc4 18. Bc3 Nb4 19. b3 Qxc3 0-1

[Event "?"]
[Site "?"]
[Date "2014.08.02"]
[Round "3.22"]
[White "Jantz, Heiko"]
[Black "Mag, Martina"]
[Result "1-0"]
[WhiteElo "1707"]
[BlackElo "900"]
[PlyCount "53"]
[EventDate "2015.??.??"]
[WhiteTeam "SF Sinzig"]
[BlackTeam "Ford SF Köln e.V."]

1. c4 e5 2. Nc3 Nf6 3. g3 c6 4. e4 d5 5. exd5 cxd5 6. Bg2 Be6 7. Nge2 Bc5 8.
O-O Nc6 9. Qb3 Bb4 10. cxd5 Qb6 11. dxe6 O-O 12. exf7+ Rxf7 13. Nd5 Qb5 14.
Nec3 Qc5 15. Nxf6+ gxf6 16. Bd5 Nd8 17. Ne4 Kg7 18. Nxc5 Bxc5 19. Bxf7 Nxf7 20.
Qxb7 Rd8 21. b4 Bd4 22. Rb1 e4 23. Qxe4 Ne5 24. Bb2 Bxb2 25. Rxb2 Rc8 26. d4
Nc4 27. Qg4+ 1-0

[Event "?"]
[Site "?"]
[Date "2014.08.02"]
[Round "3.23"]
[White "Reinartz, Ulrich"]
[Black "Pohl, Stefan"]
[Result "1-0"]
[WhiteElo "1661"]
[BlackElo "1506"]
[PlyCount "143"]
[EventDate "2015.??.??"]
[WhiteTeam "Vereinslos"]
[BlackTeam "Klub Kölner SF e.V. 1"]

1. e4 d5 2. exd5 Qxd5 3. d4 Nf6 4. Nf3 Bg4 5. Be2 e6 6. O-O Nc6 7. h3 Bh5 8. b3
O-O-O 9. Bb2 Qd7 10. Nbd2 Nd5 11. Ne4 Nf4 12. Bb5 a6 13. Bxc6 Qxc6 14. Re1 Bd6
15. c4 Bb4 16. Re3 e5 17. d5 Qg6 18. Ng3 Bc5 19. Kh2 Bxe3 20. fxe3 Nd3 21. Ba3
Nf2 22. Qg1 Ne4 23. Nxh5 Qxh5 24. g4 Qg6 25. Nxe5 Qf6 26. Bb2 Qd6 27. Kh1 Rhf8
28. a4 f6 29. Nd3 Ng5 30. Ba3 Qb6 31. Bxf8 Rxf8 32. h4 Nf3 33. Qf2 Qxb3 34.
Qxf3 Qxd3 35. Qf5+ Qxf5 36. gxf5 Re8 37. Ra3 Re4 38. Rc3 Rxh4+ 39. Kg2 Rh5 40.
e4 Kd7 41. c5 Rh4 42. Rc4 g6 43. Kg3 Rh1 44. fxg6 hxg6 45. c6+ bxc6 46. Rxc6 a5
47. Ra6 Re1 48. Kf4 Rf1+ 49. Ke3 g5 50. Rxa5 g4 51. Ra8 Rf3+ 52. Ke2 Ra3 53. a5
g3 54. a6 c6 55. a7 cxd5 56. Rg8 dxe4 57. a8=Q Rxa8 58. Rxa8 f5 59. Rg8 f4 60.
Rg4 f3+ 61. Kf1 g2+ 62. Kf2 Ke6 63. Rxe4+ Kf5 64. Ra4 Kg5 65. Kg1 Kf5 66. Kf2
Kg5 67. Ra8 Kf4 68. Rf8+ Kg4 69. Rg8+ Kf4 70. Rg3 Ke4 71. Rg4+ Kf5 72. Kxf3 1-0

[Event "?"]
[Site "?"]
[Date "2014.08.02"]
[Round "3.24"]
[White "Jansen, Kurt"]
[Black "Sewald, Jörg"]
[Result "0-1"]
[WhiteElo "1411"]
[BlackElo "1584"]
[PlyCount "82"]
[EventDate "2015.??.??"]
[WhiteTeam "Ford SF Köln e.V."]
[BlackTeam "SF Esch e.V."]

1. e4 b6 2. Nc3 g6 3. d4 Bg7 4. Be3 Bb7 5. f3 a6 6. Nge2 e6 7. e5 h6 8. Ng3 f5
9. exf6 Nxf6 10. Bd3 Kf7 11. O-O Nc6 12. Nge4 Nb4 13. Nxf6 Bxf6 14. Be2 Qe7 15.
a3 Nd5 16. Nxd5 exd5 17. Bf2 Rae8 18. Bd3 Qd6 19. Bg3 Bxd4+ 20. Kh1 Be5 21.
Bxe5 Rxe5 22. c3 Rh5 23. h3 c5 24. Qd2 d4 25. cxd4 Qxd4 26. Rad1 Kf6 27. Qc2
Qe5 28. Rde1 Qb8 29. Qc3+ Kf7 30. Qc2 Qd6 31. Be4 Bc8 32. Qc4+ Kg7 33. Rd1 Qf6
34. Qc3 Rf8 35. Qxf6+ Rxf6 36. Rd2 Re5 37. Rfd1 Kf7 38. Rd6 g5 39. Rxf6+ Kxf6
40. Rd6+ Re6 41. Rd2 Ke7 {Notation nicht lesbar und lückenhaft} 0-1

[Event "?"]
[Site "?"]
[Date "2014.08.02"]
[Round "3.25"]
[White "Mersch, Peter Daniel"]
[Black "Jehnen, Kimberley"]
[Result "1-0"]
[WhiteElo "1548"]
[BlackElo "1060"]
[PlyCount "29"]
[EventDate "2015.??.??"]
[WhiteTeam "Klub Kölner SF e.V. 1"]
[BlackTeam "SV Fideler Bauer Lever"]

1. e4 e5 2. Nf3 Nc6 3. d4 exd4 4. Bc4 Nf6 5. O-O Bc5 6. e5 d5 7. exf6 dxc4 8.
Re1+ Be6 9. Ng5 Qxf6 10. Nxe6 fxe6 11. Qh5+ Qf7 12. Qxc5 e5 13. Nd2 Rf8 14. Nf3
b6 15. Qxc6+ 1-0

[Event "?"]
[Site "?"]
[Date "2014.08.02"]
[Round "3.27"]
[White "Köllner, Aaron Noah"]
[Black "Mennicken, Leonardo"]
[Result "0-1"]
[WhiteElo "922"]
[BlackElo "1080"]
[PlyCount "70"]
[EventDate "2015.??.??"]
[WhiteTeam "SV Bergneustadt/Dersch"]
[BlackTeam "Klub Kölner SF e.V. 1"]

1. d4 d5 2. Nf3 Nf6 3. e3 Nc6 4. c3 Bg4 5. Bd3 e6 6. Nbd2 Bd6 7. O-O O-O 8. Qe2
e5 9. e4 dxe4 10. Nxe4 exd4 11. Nxf6+ Qxf6 12. Qe4 Qg6 13. Qxg6 fxg6 14. Nxd4
Rfe8 15. Nxc6 bxc6 16. Bc4+ Kh8 17. Be3 a5 18. Bb3 Re5 19. h3 Be2 20. Rfe1 Ba6
21. Ba4 Bb5 22. Bc2 Re6 23. Bg5 Rxe1+ 24. Rxe1 Rf8 25. Re6 Bc5 26. Be3 Bd6 27.
a4 Bc4 28. Re4 Bd5 29. Rh4 Rb8 30. Bxg6 h6 31. Bd4 Kg8 32. Rg4 Rxb2 33. c4 Rd2
34. g3 Rd1+ 35. Kh2 Rh1# 0-1

[Event "?"]
[Site "?"]
[Date "2014.08.02"]
[Round "3.28"]
[White "Schröter, Heinz-Jürgen"]
[Black "Yu, Moyi"]
[Result "1/2-1/2"]
[WhiteElo "1074"]
[BlackElo "918"]
[PlyCount "117"]
[EventDate "2015.??.??"]
[WhiteTeam "SV Horrem"]
[BlackTeam "Klub Kölner SF e.V. 1"]

1. d4 d5 2. c4 c6 3. Bf4 Bf5 4. e3 e6 5. c5 Nf6 6. Bg5 Be7 7. Bd3 Bg4 8. Nf3
O-O 9. h3 Bxf3 10. Qxf3 Na6 11. a3 Qa5+ 12. Nc3 Nb4 13. Be2 Nc2+ 14. Kd2 Nxa1
15. Rxa1 Ne4+ 16. Kc2 Nxg5 17. Qf4 h6 18. b4 Qd8 19. f3 Qe8 20. h4 Nh7 21. Rh1
b6 22. Rh3 Nf6 23. Qe5 Nd7 24. Qf4 Qb8 25. Qg4 Nf6 26. Qg3 Qxg3 27. Rxg3 Nh5
28. Rh3 bxc5 29. dxc5 a5 30. f4 d4 31. Ne4 dxe3 32. Bxh5 axb4 33. axb4 Ra2+ 34.
Kd3 Ra3+ 35. Ke2 Rb3 36. g4 Rxb4 37. Rxe3 Bxh4 38. g5 hxg5 39. fxg5 f5 40. gxf6
Bxf6 41. Nd6 Rb2+ 42. Kd1 Rb1+ 43. Kc2 Rb2+ 44. Kd1 Rb4 45. Rxe6 Rd4+ 46. Ke2
Rh4 47. Bg6 Rh2+ 48. Kd3 Rh3+ 49. Kc4 Rh4+ 50. Be4 Bd8 51. Kd3 Rh3+ 52. Kc2
Rf2+ 53. Kd1 Rf1+ 54. Ke2 Rf8 55. Bxc6 g5 56. Bd5 g4 57. Rg6+ Kh7 58. Rxg4 Rh2+
59. Kd3 1/2-1/2

[Event "?"]
[Site "?"]
[Date "2014.08.03"]
[Round "4.1"]
[White "Knütter, Helmut"]
[Black "Theißen, Frank"]
[Result "0-1"]
[WhiteElo "1647"]
[BlackElo "1740"]
[PlyCount "130"]
[EventDate "2015.??.??"]
[WhiteTeam "Ford SF Köln e.V."]
[BlackTeam "Turnverein Borken 1922 e.V."]

1. e4 e6 2. d4 d5 3. e5 c5 4. c3 Nc6 5. Nf3 Qb6 6. Be2 Nh6 7. O-O cxd4 8. cxd4
Nf5 9. Nc3 Nfxd4 10. Nxd4 Qxd4 11. Bd3 Qb6 12. g3 Nxe5 13. Na4 Qd8 14. Be2 Be7
15. Be3 Bd7 16. Nc5 Bc6 17. Bd4 Bf6 18. Rc1 O-O 19. b4 a6 20. a4 Nc4 21. Bxf6
Qxf6 22. Bxc4 dxc4 23. Rxc4 Rfd8 24. Qe2 Rd4 25. f3 Rad8 26. Rxd4 Qxd4+ 27. Kg2
Qxb4 28. Qe3 Qc4 29. Rf2 Qd5 30. Ne4 Qa5 31. Qf4 Bxe4 32. fxe4 f6 33. Qg4 Qe5
34. Re2 Rd4 35. h4 h5 36. Qf3 Rxa4 37. Qd3 Rd4 38. Qc2 Rd8 39. Qa4 Kh7 40. Qb4
Qb5 41. Qxb5 axb5 42. Rb2 g6 43. Rxb5 Rd7 44. Rb6 Re7 45. Kf3 g5 46. e5 Kg6 47.
Ke4 Kf7 48. Rb5 f5+ 49. Ke3 Rd7 50. hxg5 Kg6 51. Kf4 Rd4+ 52. Kf3 Re4 53. Rxb7
Rxe5 54. Rb8 Kxg5 55. Rg8+ Kf6 56. Rh8 Kg6 57. Rg8+ Kh7 58. Rg5 Kh6 59. Rg8 Re1
60. Kf4 Re4+ 61. Kf3 Rg4 62. Rh8+ Kg6 63. Re8 Re4 64. Rg8+ Kf7 65. Rg5 h4 0-1

[Event "?"]
[Site "?"]
[Date "2014.08.03"]
[Round "4.2"]
[White "Andrijenko, Anatoliy"]
[Black "Margenberg, Volker"]
[Result "1/2-1/2"]
[WhiteElo "1725"]
[BlackElo "1655"]
[PlyCount "77"]
[EventDate "2015.??.??"]
[WhiteTeam "SF Köln-Longerich 195"]
[BlackTeam "SV Wiehl 1923 e.V."]

1. e4 e6 2. d4 d5 3. exd5 exd5 4. Bd3 Bd6 5. Nf3 Nf6 6. Bg5 Bg4 7. Qe2+ Qe7 8.
Bxf6 Qxe2+ 9. Bxe2 gxf6 10. Nbd2 Nd7 11. Nh4 Rg8 12. h3 Bxe2 13. Kxe2 O-O-O 14.
Rae1 Nf8 15. g3 Ne6 16. c3 Rde8 17. Kd3 Ng7 18. Rxe8+ Rxe8 19. Ndf3 h6 20. Re1
Rxe1 21. Nxe1 Kd7 22. Ke3 Ke6 23. f4 c5 24. g4 f5 25. Nef3 f6 26. Ng2 fxg4 27.
hxg4 f5 28. g5 hxg5 29. Nxg5+ Kf6 30. Kf3 Nh5 31. Nh3 Ke6 32. Ne3 cxd4 33. cxd4
Be7 34. b3 a6 35. a4 b5 36. axb5 axb5 37. b4 Ng7 38. Nc2 Ne8 39. Nf2 1/2-1/2

[Event "?"]
[Site "?"]
[Date "2014.08.03"]
[Round "4.3"]
[White "Liebsch, Ulrich"]
[Black "Sewald, Kathrin"]
[Result "1-0"]
[WhiteElo "1669"]
[BlackElo "1464"]
[PlyCount "157"]
[EventDate "2015.??.??"]
[WhiteTeam "SC Bayer Leverkusen e.V."]
[BlackTeam "SG Porz e.V."]

1. c4 e5 2. Nc3 f5 3. d3 Nf6 4. Nf3 d6 5. g3 Be7 6. Bg2 c6 7. O-O O-O 8. b3 Re8
9. e4 fxe4 10. dxe4 Qc7 11. Bb2 Rf8 12. h3 Ne8 13. Qd3 Be6 14. Rad1 Nd7 15. Qe3
h6 16. Na4 b6 17. Rd3 Nc5 18. Nxc5 bxc5 19. Rfd1 Rb8 20. Bc3 Qc8 21. Kh2 Kh7
22. Rf1 Rh8 23. Ng1 g5 24. f4 gxf4 25. gxf4 exf4 26. Rxf4 Rg8 27. e5 d5 28.
cxd5 cxd5 29. Bxd5 Bxd5 30. Rxd5 Qe6 31. Qe4+ Rg6 32. Nf3 Rb6 33. Nh4 Bxh4 34.
Rxh4 Qf7 35. Rf4 Qe6 36. Rxc5 Ng7 37. Rc7 Ra6 38. Rf2 Kg8 39. Qa8+ Kh7 40. Rxa7
Qb6 41. Rxg7+ Rxg7 42. Qe4+ Rg6 43. Qf5 Ra7 44. h4 Qd8 45. Kh3 Rd7 46. Rf3 h5
47. Qxh5+ Rh6 48. Qf5+ Rg6 49. h5 Rdg7 50. hxg6+ Rxg6 51. Qf7+ Rg7 52. Qh5+ Kg8
53. Rg3 Qc8+ 54. Kg2 Rxg3+ 55. Kxg3 Qxc3+ 56. Kf4 Qd4+ 57. Kf5 Qd3+ 58. Kf6
Qd8+ 59. Ke6 Qb6+ 60. Kd5 Qb5+ 61. Kd4 Qb4+ 62. Kd3 Qb5+ 63. Kc3 Qc5+ 64. Kb2
Qd4+ 65. Ka3 Qc5+ 66. b4 Qe3+ 67. Ka4 Qc3 68. b5 Qc2+ 69. Kb4 Qb2+ 70. Kc5 Qc3+
71. Kb6 Qd4+ 72. Ka6 Qa4+ 73. Kb6 Qd4+ 74. Kc6 Qc4+ 75. Kd6 Qb4+ 76. Ke6 Qc4+
77. Kf6 Qf1+ 78. Qf5 Qc4 79. Qe6+ 1-0

[Event "?"]
[Site "?"]
[Date "2014.08.03"]
[Round "4.4"]
[White "Lechner, Alexander"]
[Black "Smets, Heike"]
[Result "1-0"]
[WhiteElo "1666"]
[BlackElo "1345"]
[PlyCount "91"]
[EventDate "2015.??.??"]
[WhiteTeam "SG Porz e.V."]
[BlackTeam "Pulheimer Sport-Club 1924/57 e.V"]

1. e4 e5 2. Nf3 Nc6 3. Bb5 Nf6 4. O-O Bc5 5. c3 Nxe4 6. Bxc6 Nxf2 7. Rxf2 Bxf2+
8. Kxf2 dxc6 9. Nxe5 Qf6+ 10. Nf3 O-O 11. d4 h6 12. Nbd2 Bf5 13. Nc4 g5 14. Kg1
Rfe8 15. Ne3 Re7 16. Ne5 Rae8 17. Qf1 Rxe5 18. dxe5 Rxe5 19. Ng4 Qe6 20. Nxe5
Qxe5 21. Bd2 Be4 22. Re1 f5 23. Qc4+ Qd5 24. Qxd5+ cxd5 25. b4 Kf7 26. Be3 b6
27. a4 a6 28. Bd4 Ke6 29. h3 h5 30. Kf2 g4 31. Kg3 Kd6 32. Re2 c5 33. Bf6 cxb4
34. cxb4 Ke6 35. Bd4 b5 36. axb5 axb5 37. Ra2 Kf7 38. Ra6 gxh3 39. Kxh3 f4 40.
Rf6+ Ke7 41. Rxf4 Kd7 42. Rf6 Ke7 43. Rh6 Bf5+ 44. Kh4 Bg4 45. Rxh5 Bxh5 46.
Kxh5 1-0

[Event "?"]
[Site "?"]
[Date "2014.08.03"]
[Round "4.5"]
[White "Hertling, Jürgen"]
[Black "Schwab, Wolfgang"]
[Result "0-1"]
[WhiteElo "1512"]
[BlackElo "1692"]
[PlyCount "130"]
[EventDate "2015.??.??"]
[WhiteTeam "SF Köln-Mülheim e.V."]
[BlackTeam "SV Turm Sankt Augustin"]

1. d4 Nf6 2. c4 c5 3. d5 b5 4. b3 bxc4 5. bxc4 d6 6. Nc3 g6 7. Bb2 Bg7 8. e3
O-O 9. Bd3 Nbd7 10. Nf3 Nb6 11. O-O Ba6 12. Qe2 Qd7 13. Rab1 Rfb8 14. Rfc1 Rb7
15. e4 Nh5 16. g3 Qg4 17. Kh1 Bxc4 18. Rc2 Bxd3 19. Qxd3 Rab8 20. Bc1 Nd7 21.
Rxb7 Rxb7 22. Rb2 Rxb2 23. Bxb2 c4 24. Qe2 Nc5 25. e5 dxe5 26. Nxe5 Qxe2 27.
Nxe2 Nd3 28. Nxd3 cxd3 29. Nc3 d2 30. Nd1 Bxb2 31. Nxb2 Nf6 32. Nd1 Nxd5 33.
Kg2 a5 34. Kf3 Nb4 35. a3 Nc2 36. a4 Nd4+ 37. Ke3 Nb3 38. Nb2 f5 39. Kd3 e5 40.
Kc3 Nd4 41. Kxd2 Kf7 42. Nc4 Nc6 43. Ke3 Ke6 44. f3 g5 45. h3 h6 46. g4 fxg4
47. hxg4 Kd5 48. Kd3 Kc5 49. Kc3 Kd5 50. Kd3 Nb8 51. Kc3 e4 52. Ne3+ Ke5 53.
fxe4 Kxe4 54. Nf5 h5 55. Ng3+ Kf4 56. gxh5 Kxg3 57. Kc4 Nc6 58. h6 Ne5+ 59. Kb5
g4 60. h7 Ng6 61. Kxa5 Kf2 62. Kb6 g3 63. a5 g2 64. a6 g1=Q 65. a7 Qg2 0-1

[Event "?"]
[Site "?"]
[Date "2014.08.03"]
[Round "4.6"]
[White "Auschkalnis, Reinhard"]
[Black "Siepen, Ralf"]
[Result "1-0"]
[WhiteElo "1689"]
[BlackElo "1522"]
[PlyCount "41"]
[EventDate "2015.??.??"]
[WhiteTeam "SC Bonn Beuel"]
[BlackTeam "SC Bayer Uerdingen 1923"]

1. e4 d5 2. exd5 Qxd5 3. Nc3 Qd6 4. d4 Nf6 5. g3 Bf5 6. Bg2 Nc6 7. Bf4 Qxd4 8.
Bxc6+ Bd7 9. Qxd4 Bxc6 10. f3 Rd8 11. Qe3 e6 12. Rd1 Bd6 13. Bg5 O-O 14. Bxf6
gxf6 15. Nge2 a6 16. Ne4 Be7 17. O-O b6 18. Kg2 Kh8 19. Qc3 Bxe4 20. fxe4 c5
21. Rxf6 1-0

[Event "?"]
[Site "?"]
[Date "2014.08.03"]
[Round "4.7"]
[White "Kühlwein, Ralf"]
[Black "Plitt, Stefan"]
[Result "0-1"]
[WhiteElo "1487"]
[BlackElo "1655"]
[PlyCount "34"]
[EventDate "2015.??.??"]
[WhiteTeam "Klub Kölner SF e.V. 1"]
[BlackTeam "SV Grünfeld e.V."]

1. d4 c5 2. d5 Nf6 3. Nc3 e6 4. dxe6 fxe6 5. g3 Nc6 6. e4 Be7 7. Bg2 O-O 8.
Nge2 d6 9. O-O Rb8 10. b3 b5 11. e5 Nxe5 12. Bb2 b4 13. Ne4 Bb7 14. Ng5 Bxg2
15. Nxe6 Qc8 16. Nxf8 Bxf1 17. Kxf1 Qh3+ 0-1

[Event "?"]
[Site "?"]
[Date "2014.08.03"]
[Round "4.8"]
[White "Sewald, Richard"]
[Black "Joerres, Till"]
[Result "1/2-1/2"]
[WhiteElo "1501"]
[BlackElo "1639"]
[PlyCount "67"]
[EventDate "2015.??.??"]
[WhiteTeam "SG Porz e.V."]
[BlackTeam "SVigung Düren 13 Deric"]

1. Nf3 d5 2. d3 Nf6 3. g3 c5 4. Bg2 Nc6 5. O-O e6 6. Nbd2 Bd6 7. a3 O-O 8. c4
d4 9. Ng5 e5 10. Nge4 Nxe4 11. Nxe4 Be7 12. Nd2 Be6 13. Qc2 Qd7 14. Nf3 Bh3 15.
Bg5 Bxg2 16. Kxg2 Bxg5 17. Nxg5 f5 18. Nf3 Rae8 19. Nd2 Qe7 20. f3 f4 21. Ne4
b6 22. Qa4 Rc8 23. Rab1 a5 24. Qb5 Qc7 25. Ng5 Rce8 26. Ne4 h5 27. Qb3 Re6 28.
Kf2 fxg3+ 29. hxg3 Ne7 30. Rh1 Rh6 31. Rh3 Nf5 32. Rbh1 g6 33. Ng5 Qc6 34. Qb5
1/2-1/2

[Event "?"]
[Site "?"]
[Date "2014.08.03"]
[Round "4.9"]
[White "Spindler, Florian"]
[Black "Radovinski, Jewgeni"]
[Result "1-0"]
[WhiteElo "1626"]
[BlackElo "1501"]
[PlyCount "87"]
[EventDate "2015.??.??"]
[WhiteTeam "SG Porz e.V."]
[BlackTeam "SG Porz e.V."]

1. c4 e6 2. Nf3 d5 3. g3 Nf6 4. d4 c5 5. Be3 cxd4 6. Bxd4 Nc6 7. Bc3 Bc5 8.
cxd5 exd5 9. e3 h6 10. Bg2 Be6 11. O-O O-O 12. Na3 Ne4 13. Nb5 a6 14. Nbd4 Nxc3
15. bxc3 Bg4 16. Qa4 Qd7 17. Nxc6 Bxf3 18. Bxf3 bxc6 19. c4 Qf5 20. Qxc6 dxc4
21. Be4 Qc8 22. Qxa8 Qxa8 23. Bxa8 Rxa8 24. Rfc1 c3 25. Rxc3 Bb4 26. Rc7 g6 27.
Rd1 a5 28. Rdd7 Rf8 29. e4 Kg7 30. e5 Kg8 31. e6 Ba3 32. Rxf7 Bb2 33. Rxf8+
Kxf8 34. Kg2 a4 35. f4 a3 36. g4 Bg7 37. h4 Bb2 38. h5 gxh5 39. gxh5 Bg7 40.
Rf7+ Kg8 41. f5 Bd4 42. f6 Be5 43. Rg7+ Kh8 44. e7 1-0

[Event "?"]
[Site "?"]
[Date "2014.08.03"]
[Round "4.10"]
[White "Seibt, Sascha"]
[Black "Asadzade, Idris"]
[Result "1-0"]
[WhiteElo "1613"]
[BlackElo "1467"]
[PlyCount "105"]
[EventDate "2015.??.??"]
[WhiteTeam "DJK Aufwärts St. Josef Aachen 19"]
[BlackTeam "SVigung 1919 Königsspr"]

1. c4 c5 2. g3 g6 3. Bg2 Bg7 4. Nc3 Nf6 5. e3 Nc6 6. d4 d6 7. dxc5 dxc5 8.
Qxd8+ Kxd8 9. Nge2 Kc7 10. O-O Bg4 11. f3 Be6 12. b3 Rhd8 13. Ba3 b6 14. Nb5+
Kb7 15. Nf4 Bd7 16. Rad1 a6 17. Nc3 e6 18. Nfe2 Kc7 19. Bc1 Bh6 20. g4 Bf8 21.
Bb2 Be7 22. Ng3 Be8 23. Nge4 Nxe4 24. Nxe4 Rxd1 25. Rxd1 Rd8 26. Rxd8 Kxd8 27.
f4 b5 28. cxb5 axb5 29. Nf6 Bxf6 30. Bxf6+ Kc7 31. Be4 Nb4 32. a3 Nd5 33. Bxd5
exd5 34. Kf2 Kd6 35. Kg3 Ke6 36. Bc3 f5 37. Kh4 fxg4 38. Kxg4 h5+ 39. Kg5 c4
40. bxc4 dxc4 41. e4 Bf7 42. f5+ gxf5 43. exf5+ Ke7 44. Bb4+ Kd7 45. Kf6 Ke8
46. h4 Bd5 47. Ke5 Bc6 48. Kd6 Bd7 49. f6 Bg4 50. Kc5 Bd7 51. Kd6 Bg4 52. Bc3
Bd7 53. f7+ 1-0

[Event "?"]
[Site "?"]
[Date "2014.08.03"]
[Round "4.11"]
[White "Pislaru, Adrian"]
[Black "Schröter, Sophie"]
[Result "1/2-1/2"]
[WhiteElo "1569"]
[BlackElo "1202"]
[PlyCount "106"]
[EventDate "2015.??.??"]
[WhiteTeam "SG Porz e.V."]
[BlackTeam "SG Porz e.V."]

1. Nf3 Nf6 2. g3 d5 3. Bg2 Nc6 4. d3 e5 5. O-O Bc5 6. Nbd2 Bg4 7. c4 Qd7 8.
cxd5 Nxd5 9. Nc4 f6 10. a3 b5 11. Ncd2 Nd4 12. Nxd4 Bxd4 13. Qb3 Be6 14. Qc2
O-O 15. Nf3 Bb6 16. Bd2 Rac8 17. Rac1 c5 18. b3 b4 19. a4 Ba5 20. Be1 Rfd8 21.
Nd2 Nb6 22. Nc4 Nxc4 23. dxc4 Bh3 24. f3 Bxg2 25. Kxg2 Qd4 26. Bf2 Qc3 27. Qxc3
bxc3 28. Be1 Rb8 29. Bxc3 Bxc3 30. Rxc3 Rd2 31. Kf2 Rb2 32. Rd1 h6 33. Rdd3 Kh7
34. Re3 Rd8 35. Rcd3 Rxd3 36. Rxd3 Kg6 37. Rd5 Rxb3 38. Rxc5 Rb4 39. Ra5 Rxc4
40. Rxa7 Rc3 41. a5 Ra3 42. a6 h5 43. Ke1 Ra2 44. Kd1 f5 45. Ra8 e4 46. fxe4
fxe4 47. Re8 Rxa6 48. Rxe4 Ra1+ 49. Kd2 Rh1 50. g4 Rxh2 51. gxh5+ Kxh5 52. Re7
Kg6 53. Kd3 Kf6 1/2-1/2

[Event "?"]
[Site "?"]
[Date "2014.08.03"]
[Round "4.12"]
[White "Fischer, Bastian"]
[Black "Reinartz, Ulrich"]
[Result "1/2-1/2"]
[WhiteElo "1442"]
[BlackElo "1661"]
[PlyCount "112"]
[EventDate "2015.??.??"]
[WhiteTeam "Schach-Club Vaterstetten-Grasbru"]
[BlackTeam "Vereinslos"]

1. e4 c5 2. Nc3 Nc6 3. f4 e6 4. Nf3 d5 5. Bb5 d4 6. Ne2 Bd7 7. O-O Nf6 8. d3
Be7 9. Ng3 O-O 10. f5 Re8 11. Bf4 e5 12. Bxc6 exf4 13. Bxd7 Qxd7 14. Ne2 Ng4
15. Qd2 Ne3 16. Rf2 Bd6 17. Ng5 Qc6 18. Rf3 Rac8 19. Nh3 Be5 20. Nhxf4 c4 21.
Rc1 b5 22. c3 Qb6 23. cxd4 Ng4 24. dxc4 bxc4 25. h3 Nf6 26. Qe3 Bxf4 27. Nxf4
Rxe4 28. Qf2 Rxd4 29. Kh2 Ne4 30. Qc2 Qd6 31. Kg1 Ng5 32. Rd3 Qxf4 33. Rcd1
Rxd3 34. Rxd3 Qe4 35. Rc3 Qxc2 36. Rxc2 Kf8 37. b3 c3 38. Kf2 Rc5 39. h4 Ne4+
40. Ke3 Nd6 41. g4 Ke7 42. Kd4 Rc6 43. Kd5 Rc7 44. b4 h5 45. f6+ gxf6 46. gxh5
Nf5 47. Ke4 Nd6+ 48. Kd5 Nb5 49. h6 Na3 50. h7 Rc8 51. Rxc3 Rd8+ 52. Kc6 Rc8+
53. Kb7 Rh8 54. Rxa3 Rxh7 55. Rh3 f5 56. Kxa7 Kd6 1/2-1/2

[Event "?"]
[Site "?"]
[Date "2014.08.03"]
[Round "4.13"]
[White "Jantz, Heiko"]
[Black "Mersch, Peter Daniel"]
[Result "1-0"]
[WhiteElo "1707"]
[BlackElo "1548"]
[PlyCount "55"]
[EventDate "2015.??.??"]
[WhiteTeam "SF Sinzig"]
[BlackTeam "Klub Kölner SF e.V. 1"]

1. c4 e5 2. Nc3 Nf6 3. Nf3 Nc6 4. d4 exd4 5. Nxd4 Nxd4 6. Qxd4 Be7 7. g3 O-O 8.
Bg2 d6 9. O-O a6 10. e4 Bd7 11. Re1 Re8 12. f4 Bc6 13. Bd2 Qd7 14. Rad1 Rad8
15. Nd5 Bxd5 16. cxd5 b6 17. Rc1 Bf8 18. Qc4 Qb5 19. Qxb5 axb5 20. Rxc7 Rc8 21.
Rxc8 Rxc8 22. Rc1 Rc4 23. b3 Rd4 24. Bc3 Rd3 25. Kf2 Ng4+ 26. Ke2 Re3+ 27. Kd2
Be7 28. Bd4 1-0